000 00354nam a2200133Ia 4500
008 210210b1977 xxu||||| |||| 00| 0 eng d
082 _a344.072 SABK
100 _aSABHAHIT (G N).
245 _aKarnataka private educational institutions act,1975.
260 _aDharwad
_bJagrut bharat
_c1977
300 _a136
690 _aEducation
906 _aSG01057
999 _c112501
_d112501